Toward a Planned Society From Roosevelt to Nixon

Enregistré dans:
Détails bibliographiques
Auteur principal: Graham, Otis L.
Format: Livre
Langue:anglais
Publié: London Oxford University Press 1976
Édition:1. ed.
Tags: Ajouter un tag
Pas de tags, Soyez le premier à ajouter un tag!

MARC

LEADER 00000nam a2200000 4500
001 c026974
005 20221220103700.9
041 0 |a eng 
044 |a GB 
245 1 0 |a Toward a Planned Society  |b From Roosevelt to Nixon  |c Otis L. Graham 
250 |a 1. ed. 
264 1 |a London  |b Oxford University Press  |c 1976 
300 |a 357 s. 
100 1 |a Graham, Otis L.